مجتمع القرية : (رقم التسجيلة. 6194)

تفاصيل مارك
000 -LEADER
fixed length control field 00681nam a22001817a 4500
005 - DATE AND TIME OF LATEST TRANSACTION
control field 20251108164211.0
008 - FIXED-LENGTH DATA ELEMENTS--GENERAL INFORMATION
fixed length control field 250721s1987 xx 000 0 ara d
082 14 - DEWEY DECIMAL CLASSIFICATION NUMBER
Classification number 301.35/غري
100 1# - MAIN ENTRY--PERSONAL NAME
Personal name أحمد، غريب محمد سيد
245 10 - TITLE STATEMENT
Title مجتمع القرية :
Remainder of title دراسات و بحوث /
264 1# - PRODUCTION, PUBLICATION, DISTRIBUTION, MANUFACTURE, AND COPYRIGHT NOTICE
Place of production, publication, distribution, manufacture الاسكندريه :
Name of producer, publisher, distributor, manufacturer دار المعرفة الجامعية،
Date of production, publication, distribution, manufacture, or copyright notice 1987.
300 ## - PHYSICAL DESCRIPTION
Extent 475ص
490 0# - SERIES STATEMENT
Series statement علم الإجتماع و قضايا الإنسان و المجتمع ؛ الكتاب العاشر
650 17 - SUBJECT ADDED ENTRY--TOPICAL TERM
Topical term or geographic name as entry element علم الإجتماع الريفي
700 1# - ADDED ENTRY--PERSONAL NAME
Personal name عبد المعطي، عبد الباسط محمد
942 ## - ADDED ENTRY ELEMENTS (KOHA)
Source of classification or shelving scheme Dewey Decimal Classification
Koha item type كتب
المقتنيات
حالة السحب حالة الفقدان مصدر التصنيف حالة التلف غير قابل للإعارة المكتبة الرئيسية المكتبة الحالية موقع الرف تاريخ التزويد الرقم المتسلسل Total Checkouts رقم الإستدعاء تاريخ آخر ظهور تاريخ الفاتورة نوع المادة (كوها)
    Dewey Decimal Classification Unchecked   مكتبة الحسن العامة مكتبة الحسن العامة الإعارة 06/07/2004 168   301.35/غري 28/07/2025 06/07/2004 كتب
    Dewey Decimal Classification Unchecked   مكتبة حمزة العامة مكتبة حمزة العامة الإعارة 06/07/2004 2971   301.35/غري 28/07/2025 06/07/2004 كتب
Implemented & Customized by: BBB with SCIT (Smart Chains for Information Technology)

Powered by Koha